Statistics for Countries Containing D (no continent prompts)

Click here to take the quiz!

General Stats

  • This quiz has been taken 2,021 times
    (1,549 since last reset)
  • The average score is 42 of 49

Answer Stats

country% Correct
Denmark
97%
Dominican Republic
96%
United Kingdom
96%
Dominica
95%
Finland
95%
Iceland
95%
Ireland
95%
Djibouti
94%
India
93%
Indonesia
93%
United States
93%
Andorra
92%
Sweden
92%
United Arab Emirates
92%
Democratic Republic of the Congo
91%
Poland
91%
Switzerland
90%
Canada
89%
Madagascar
88%
New Zealand
88%
South Sudan
88%
Sudan
88%
Thailand
88%
Honduras
87%
Netherlands
87%
Trinidad and Tobago
87%
Barbados
86%
Chad
86%
Cambodia
84%
Saudi Arabia
84%
Antigua and Barbuda
83%
Ecuador
83%
Marshall Islands
83%
Rwanda
83%
Solomon Islands
83%
Jordan
82%
Uganda
82%
Bangladesh
81%
Burundi
81%
El Salvador
80%
Maldives
80%
Moldova
80%
Grenada
79%
Macedonia
78%
St Vincent and the Grenadines
76%
Cape Verde
73%
Swaziland
73%
Federated States of Micronesia
64%
Côte d'Ivoire
56%

Score Distribution

Percentile by Number Answered

Percent of People with Each Score

Your Score History

You have not taken this quiz since the last reset